000 00661nam a22001817a 4500
003 PILC
005 20160307161915.0
008 160307b xxu||||| |||| 00| 0 eng d
020 _a9789719983040
050 _aP 90
_b.V145 2013
100 _aValdez, Suzette F.
245 _aEssentials of oral communication towards effective and responsible speech /
_cSuzette F. Valdez, Rommel B. Dela Cruz, Cesar H. Garcia ; consultant Cynthia B. Cruz.
260 _aManila :
_bPurely Books Trading & Publishing Corp.,
_c2013.
300 _avii, 276 pages ;
_c23 cm.
500 _aIncludes bibliographical references.
650 _aCommunication.
942 _2lcc
_cBK
_kLOC
999 _c291471
_d291471